000 00465nam a2200169Ia 4500
999 _c58251
_d58248
082 _aR/6IT12
100 _aRizwan Ali
100 _a12BS(IT)55
100 _aSupervisor - Baqir Ali Zardari
245 0 _aExplore QUEST in Android
260 _aNawabshah
_bQUEST
_c2016
300 _a64p
700 _aZubair Ali Keerio (Roll No. 12BS(IT)43)
700 _aKhalid Hussain (Roll No. 12BS(IT)27)
700 _aBasham Jamali (Roll No. 12BS(IT)58)
942 _cTHESIS